000 00960nam1a22002411i 4500
001 v19\rc\1504132
005 20240726003602.0
035 _a(NLR Aleph) 004630564
090 _a3161494
_c3161494
100 _a20060620d1883 |||y0rusy50 ca
101 0 _arus
_asla
102 _aRU
105 _ay z |||||
200 1 _aОписание славяно-русских книг, напечатанных кирилловскими буквами
_fСост. И. Каратаев. Т. 1
210 _aСанкт-Петербург
_cтип. Акад. наук
_d1883
215 _a1 т.
_d22
225 1 _aСборник Отделения русского языка и словесности Академии наук
_vТ. 34, № 2
700 1 _aКаратаев
_bИ.П.
_f1817-1886
_gИван Прокофьевич
_4220
801 0 _aRU
_bNLR
_gpsbo
801 1 _aRU
_bProSoft-M
_2rusmarc
852 _aNLR
_j431/К21
852 _aNLR
_bМф
_jК1/14382
942 _cBOOK